000 00960nam a2200217 i 4500
001 111599
003 ES-MaACL
005 20240523063033.0
007 t|
008 061121q1919 sp f |||| | spa d
100 0 _aNerval, Gérard de,
_d1808-1855
_985401
245 1 4 _aLas hijas del fuego
_b: (novelas) /
_cGerardo de Nerval [seud.] ; [traducción de Carmen de Burgos (Colombine) ; prólogo de Ramón Gómez de la Serna].
260 _aMadrid :
_bBiblioteca Nueva,
_c[ca. 1919] (
_fImp. Juan Pueyo)
300 _a269 p., [5] h. de lám. ;
_c19 cm.
490 1 _aColección extranjera de la Biblioteca Nueva
700 1 _aBurgos, Carmen de,
_d1867-1932
_932646
700 1 _aGómez de la Serna, Ramón,
_d1888-1963
_957901
830 0 _aColección extranjera de la Biblioteca Nueva
_9226400
852 _aES-MaACL
_jF-8449
_z.- Ded. autógrafa de Ramón Goméz de la Serna
_z.- Dont. Ramón Gómez de la Serna
999 _c111599
_d111599